000 00666cam a22002293a 4500
001 5987
003 PGUSA
005 20140828083127.0
008 040601s2004||||xxu|||||s|||||000 1 eng d
040 _aPGUSA
_beng
042 _adc
050 4 _aPR
100 1 _aMerriman, Henry Seton,
_d1862-1903
245 1 0 _aIn Kedar's Tents
_h[electronic resource] /
_cHenry Seton Merriman
260 _bProject Gutenberg,
_c2004
506 _aPublic domain in the USA.
516 _aElectronic text
653 _aSpain -- History -- Carlist War, 1833-1840 -- Fiction
830 0 _aProject Gutenberg
_v5987
856 4 0 _uhttp://www.gutenberg.org/ebooks/5987
942 _cEB
999 _c235315
_d235315